[Event "GER-ch U18 Girls"]
[Site "Willingen"]
[Date "2022.06.09"]
[Round "7"]
[White "Wagner, Julia"]
[Black "Basovskiy, Jana"]
[Result "0-1"]
[WhiteElo "1361"]
[BlackElo "1938"]
[PlyCount "66"]
[EventDate "2022.06.04"]
[EventType "swiss"]
[EventRounds "9"]
[EventCountry "GER"]
[SourceTitle "CBM 208 Extra"]
[Source "ChessBase"]
[SourceDate "2022.07.31"]
[SourceVersion "1"]
[SourceVersionDate "2022.07.31"]
[SourceQuality "1"]

1. e4 c5 2. Nf3 e6 3. g3 Nc6 4. Bg2 Nf6 5. Nc3 d6 6. 0-0 Be7 7. Re1 0-0 8. d4 cxd4 9. Nxd4 Bd7 10. b3 Qb6 11. Nce2 d5 12. exd5 Nxd5 13. c4 Nf6 14. Be3 Bc5 15. Qd3 Ne5 16. Qc2 Neg4 17. Qd3 Nxe3 18. fxe3 e5 19. Nc2 a5 20. Nc3 Rad8 21. Nd5 Nxd5 22. Qxd5 Bf5 23. Qxb7 Qxb7 24. Bxb7 Bxc2 25. Bd5 a4 26. Rac1 axb3 27. axb3 Bxb3 28. Rb1 Rb8 29. Kg2 g6 30. e4 Kg7 31. g4 Ba4 32. Ra1 Rb2+ 33. Kh3 Bd7 0-1